000 00359nam a22001697a 4500
005 20251003123914.0
020 _a978-93-525-3195-0
041 _aEnglish
082 _a001 Q16 AGG
100 _aAggarwal Ashish
245 _aQuick Arithmetic
250 _a7
260 _aNew Delhi
_bS.Chand
_c2016
300 _a940
365 _b495.00
942 _cBK
999 _c176284
_d176284